Fémegykristályok felületén adszorbeált szénhidrogén-származékok jellemzése felületanalitikai módszerekkel

Elmentve itt :
Bibliográfiai részletek
Szerző: Kis Attila
További közreműködők: Kiss János (Témavezető)
Dokumentumtípus: Disszertáció
Megjelent: 2001
Kulcsszavak:Kémia
Tárgyszavak:
mtmt:121603
Online Access:http://doktori.ek.szte.hu/4497
LEADER 00910nta a2200217 i 4500
001 dokt4497
005 20200527112829.0
008 200317s2001 hu om 0|| hun d
024 7 |a 121603  |2 mtmt 
040 |a SZTE Doktori Repozitórium  |b hun 
041 |a hun 
100 1 |a Kis Attila 
245 1 0 |a Fémegykristályok felületén adszorbeált szénhidrogén-származékok jellemzése felületanalitikai módszerekkel  |h [elektronikus dokumentum] /  |c  Kis Attila 
260 |c 2001 
502 |a Disszertacio 
650 4 |a kémiai tudományok 
695 |a Kémia 
700 1 |a Kiss János  |e ths 
856 4 0 |u https://doktori.bibl.u-szeged.hu/id/eprint/4497/1/2001_kis_attila.pdf  |z Dokumentum-elérés  
856 4 0 |u https://doktori.bibl.u-szeged.hu/id/eprint/4497/2/2001_kis_attila_tezis_hun.pdf  |z Dokumentum-elérés  
856 4 0 |u https://doktori.bibl.u-szeged.hu/id/eprint/4497/3/2001_kis_attila_birl.pdf  |z Dokumentum-elérés